他社車両が乗り入れるJR東海の駅 - Statistics

General Stats
  • This quiz has been taken 359 times
    305 since last reset
  • The average score is 38 of 77
Answer Stats
Answer % Correct
熱海
100%
三島
99%
三島
99%
新富士
98%
静岡
98%
浜松
98%
豊橋
98%
三河安城
98%
名古屋
98%
東京
97%
品川
97%
新横浜
97%
小田原
97%
掛川
97%
岐阜羽島
97%
米原
97%
京都
97%
岐阜
97%
新大阪
95%
沼津
95%
函南
90%
大垣
85%
尾張一宮
77%
御殿場
63%
飯田
57%
中津川
56%
富士
55%
松田
53%
木曽福島
52%
駿河小山
48%
南木曽
47%
伊那市
43%
上松
41%
四日市
41%
駒ケ根
40%
奈良井
38%
洗馬
35%
坂下
33%
日出塩
31%
落合川
30%
贄川
30%
南四日市
30%
伊那北
29%
木曽平沢
29%
十二兼
28%
大桑
28%
藪原
27%
伊那福岡
26%
伊那松島
26%
田立
26%
野尻
25%
須原
25%
倉本
25%
伊那大島
24%
宮ノ越
24%
桜町
22%
宮田
22%
22%
原野
22%
元善光寺
21%
伊那新町
21%
沢渡
20%
宮木
20%
市田
19%
飯島
19%
伊那上郷
18%
小町屋
18%
羽場
17%
大田切
16%
田畑
16%
北殿
16%
上片桐
15%
七久保
15%
伊那本郷
15%
赤木
15%
木ノ下
15%
下島
13%
No matching quizzes found
Score Distribution
Percent of People with Each Score
Percentile by Number Answered
Your Score History
You have not taken this quiz since the last reset